Management assessment of peat as an energy resource : executive conference proceedings, presented July 22-24, 1979, Arlington, Virginia /

Bibliographic Details
Corporate Author: Institute of Gas Technology
Format: Book
Language:English
Published: Chicago, Ill. : The Institute, [1980]
Subjects:

MARC

Tag First Indicator Second Indicator Subfields
LEADER 00000cam a2200000 a 4500
001 in00000088083
005 20151008065011.0
008 810119s1980 ilua b 10000 engm
010 |a  80149141  
020 |c $40.00 (pbk.) 
035 |a (OCoLC)07249749 
035 |9 AAK5183AM 
040 |a DLC  |c DLC  |d m.c.  |d TXA  |d UtOrBLW 
049 |a TXAM  |c 1 [800262], 2 [1502700] 
050 0 0 |a TN837  |b .M315 
082 0 |a 662.6/221  |2 19 
245 0 0 |a Management assessment of peat as an energy resource :  |b executive conference proceedings, presented July 22-24, 1979, Arlington, Virginia /  |c sponsored by Institute of Gas Technology ; produced by Bonnie F. Feingold [and others]. 
264 1 |a Chicago, Ill. :  |b The Institute,  |c [1980] 
264 4 |c ©1980 
300 |a viii, 331 pages :  |b illustrations ;  |c 23 cm. 
336 |a text  |b txt  |2 rdacontent 
337 |a unmediated  |b n  |2 rdamedia 
338 |a volume  |b nc  |2 rdacarrier 
504 |a Includes bibliographical references. 
650 0 |a Peat  |x Congresses. 
650 0 |a Power resources  |v Congresses. 
710 2 |a Institute of Gas Technology. 
999 |a MARS 
999 f f |s fb48de76-8245-386d-b3cb-c4e9070004ce  |i 00b1e8e5-e671-374d-b121-0f26f83d858b  |t 0 
952 f f |p normal  |a Texas A&M University  |b College Station  |c Sterling C. Evans Library  |d Evans: Library Stacks  |t 0  |e TN837 .M315  |h Library of Congress classification  |i unmediated -- volume  |m A14806255333 
998 f f |a TN837 .M315  |t 0  |l Evans: Library Stacks